000 00452nam a2200181Ia 4500
008 230711s9999||||xx |||||||||||||| ||und||
020 _a978-81-224-1659-6
041 _aENG
082 _a530
_bVE-C
100 _aVerma,R.C
245 0 _aComputational Physics: An introduction
250 _a1st Ed.
260 _c2014
_aNew Delhi
_bNew Age International Publishers
300 _a377p.
650 _aPhysics
700 _aAhluwalia,P.K
942 _cBK
999 _c6160
_d6160